书目信息 |
| 题名: |
国有企业民主管理工作
|
|
| 作者: | 谢军 主编 | |
| 分册: | ||
| 出版信息: | 北京 红旗出版社 2016 |
|
| 页数: | 494页 | |
| 开本: | 24cm | |
| 丛书名: | “十三五”时期国有企业改革与党的建设工作系列丛书 | |
| 单 册: | ||
| 中图分类: | F279.241 | |
| 科图分类: | ||
| 主题词: | 国有企业--民主管理--研究--中国 | |
| 电子资源: | ||
| ISBN: | 978-7-5051-3408-9 | |
| 000 | 01310oam2 2200289 450 | |
| 001 | 012001002526 | |
| 005 | 20140926114740.0 | |
| 010 | @a978-7-5051-3408-9@dCNY59.80 | |
| 100 | @a20160826d2016 em y0chiy50 ea | |
| 101 | 0 | @achi |
| 102 | @aCN@b110000 | |
| 105 | @ay z 000yy | |
| 106 | @ar | |
| 200 | 1 | @a国有企业民主管理工作@9guo you qi ye min zhu guan li gong zuo@f谢军[等]主编 |
| 210 | @a北京@c红旗出版社@d2016 | |
| 215 | @a494页@d24cm | |
| 225 | 1 | @a“十三五”时期国有企业改革与党的建设工作系列丛书 |
| 304 | @a主编者还有:马树林、马俊、黄辉 | |
| 314 | @a谢军,国务院国资委产权局副局长,博士,国务院国有资产监督管理委员会中央企业党建与思想政治工作研究会理事。 | |
| 314 | @a马树林,全国企业文化管理师认证委员会专家委员、上海交通大学国家战略研究中心研究员等。 | |
| 330 | @a本书介绍了企业职工代表大会、厂务公开等企业民主管理的相关内容,对大中型国有企业加强管理,提高职工民主权利,加快企业现代化升级有参考价值。探讨了在新形势下,如何进一步加强国有企业民主管理,充分调动职工的积极性和创造性,推动国有企业的科学发展的专业性权威性强的读物。 | |
| 461 | 0 | @12001 @a“十三五”时期国有企业改革与党的建设工作系列丛书 |
| 606 | 0 | @a国有企业@x民主管理@x研究@y中国 |
| 690 | @aF279.241@v5 | |
| 701 | 0 | @a谢军@9xie jun@4主编 |
| 801 | 0 | @aCN@b上海新华@c20180901 |
| 905 | @b1158160-4@dF279.241@e1578@f5 | |
| 国有企业民主管理工作/谢军[等]主编.-北京:红旗出版社,2016 |
| 494页;24cm.-(“十三五”时期国有企业改革与党的建设工作系列丛书) |
| ISBN 978-7-5051-3408-9:CNY59.80 |
| 本书介绍了企业职工代表大会、厂务公开等企业民主管理的相关内容,对大中型国有企业加强管理,提高职工民主权利,加快企业现代化升级有参考价值。探讨了在新形势下,如何进一步加强国有企业民主管理,充分调动职工的积极性和创造性,推动国有企业的科学发展的专业性权威性强的读物。 |
| ● |
| 相关链接 |
|
|
|
|
正题名:国有企业民主管理工作
索取号:F279.241/1578
 
预约/预借
| 序号 | 登录号 | 条形码 | 馆藏地/架位号 | 状态 | 备注 |
| 1 | 1158160 | 211581607 | 第一样本阅览室/ [索取号:F279.241/1578] | 在馆 | |
| 2 | 1158161 | 211581616 | 密集书库-海洋学院/ [索取号:F279.241/1578] | 在馆 | |
| 3 | 1158162 | 211581625 | 第一借阅区/ [索取号:F279.241/1578] | 在馆 | |
| 4 | 1158163 | 211581634 | 第一借阅区/ [索取号:F279.241/1578] | 在馆 | |
| 5 | 1158164 | 211581643 | 第一借阅区/ [索取号:F279.241/1578] | 在馆 |